Capitals of Europe Map Quiz - Statistics

General Stats
  • This quiz has been taken 469 times
  • The average score is 33 of 45
Answers on the Map
Answers color-coded by a green-red scale on the quiz's map according to % correct below.
 
Answer Stats
Answer % Correct
Helsinki
92%
Moscow
91%
Berlin
90%
Dublin
90%
Brussels
89%
Kiev
88%
Lisbon
87%
San Marino
83%
London
82%
Madrid
82%
Minsk
81%
Athens
79%
Luxembourg City
79%
Reykjavik
79%
Copenhagen
78%
Prague
77%
Stockholm
77%
Warsaw
76%
Monaco
75%
Andorra La Vella
74%
Budapest
74%
Oslo
73%
Bern
72%
Chisinau
71%
Paris
71%
Valletta
71%
Amsterdam
70%
Riga
68%
Tirana
68%
Sarajevo
66%
Vilnius
66%
Rome
65%
Belgrade
64%
Bratislava
64%
Ljubljana
64%
Tallinn
64%
Vienna
63%
Bucharest
62%
Vatican City
62%
Skopje
61%
Zagreb
60%
Podgorica
59%
Sofia
58%
Pristina
56%
Vaduz
54%
No matching quizzes found
Score Distribution
Percent of People with Each Score
Percentile by Number Answered
Your Score History
You have not taken this quiz